MARC details
| 000 -LEADER |
| campo de control de longitud fija |
01106nam a2200289Ia 4500 |
| 000 - LEADER |
| campo de control de longitud fija |
nam a22 i 4500 |
| 001 - NÚMERO DE CONTROL |
| campo de control |
UNACH-14886 |
| 007 - CAMPO FIJO DE DESCRIPCIÓN FÍSICA--INFORMACIÓN GENERAL |
| campo de control de longitud fija |
ta |
| 008 - DATOS DE LONGITUD FIJA--INFORMACIÓN GENERAL |
| campo de control de longitud fija |
221212s ||||fr|||| 00| | spa d |
| 020 ## - NÚMERO INTERNACIONAL ESTÁNDAR DEL LIBRO |
| Número Internacional Estándar del Libro |
978-6-07-707338-3 |
| 041 0# - CÓDIGO DE IDIOMA |
| Código de lengua del texto/banda sonora o título independiente |
spa |
| 082 04 - NÚMERO DE LA CLASIFICACIÓN DECIMAL DEWEY |
| Número de clasificación |
372.21 |
| Número de ítem |
Estimulación temprana - Preescolar |
| 100 1# - ENTRADA PRINCIPAL--NOMBRE DE PERSONA |
| Nombre de persona |
Roger Lorenzo, Imma, |
| Término indicativo de función/relación |
autor |
| 245 10 - MENCIÓN DEL TÍTULO |
| Título |
Educación emocional en la escuela : |
| Resto del título |
Actividades para el aula, dirigidas a niños de 8 a 9 años |
| 264 31 - PRODUCCIÓN, PUBLICACIÓN, DISTRIBUCIÓN, FABRICACIÓN Y COPYRIGHT |
| Producción, publicación, distribución, fabricación y copyright |
México : |
| Nombre del de productor, editor, distribuidor, fabricante |
Alfaomega Grupo Editor S.A, |
| Fecha de producción, publicación, distribución, fabricación o copyright |
2013 |
| 300 ## - DESCRIPCIÓN FÍSICA |
| Extensión |
231 páginas : |
| Otras características físicas |
gráficos, tablas |
| 336 ## - TIPO DE CONTENIDO |
| Término de tipo de contenido |
texto |
| Código de tipo de contenido |
txt |
| Fuente |
rdacontent |
| 337 ## - TIPO DE MEDIO |
| Nombre/término del tipo de medio |
no mediado |
| Código del tipo de medio |
n |
| Fuente |
rdamedia |
| 338 ## - TIPO DE SOPORTE |
| Nombre/término del tipo de soporte |
volumen |
| Código del tipo de soporte |
nc |
| Fuente |
rdacarrier |
| 504 ## - NOTA DE BIBLIOGRAFÍA, ETC. |
| Nota de bibliografía, etc. |
Incluye contenido, Biblioghrafía |
| 505 0# - NOTA DE CONTENIDO CON FORMATO |
| Nota de contenido con formato |
Educación emocional.-- Cómo utilizar este libro ideas para el profesorado.-- La conciencia emocional.-- La regulación emocional.-- La autonomia emocional.-- La competencia social.--Las comptencias para la vida y el bienestara. |
| 650 14 - PUNTO DE ACCESO ADICIONAL DE MATERIA--TÉRMINO DE MATERIA |
| Término de materia o nombre geográfico como elemento de entrada |
JUEGOS |
| 650 24 - PUNTO DE ACCESO ADICIONAL DE MATERIA--TÉRMINO DE MATERIA |
| Término de materia o nombre geográfico como elemento de entrada |
MATERIALES CURRICULARES |
| 650 24 - PUNTO DE ACCESO ADICIONAL DE MATERIA--TÉRMINO DE MATERIA |
| Término de materia o nombre geográfico como elemento de entrada |
METAS |
| 942 ## - ELEMENTOS DE ENTRADA SECUNDARIOS (KOHA) |
| Fuente del sistema de clasificación o colocación |
Clasificación Decimal Dewey |
| Tipo de ítem Koha |
Libros |
| Suprimir en OPAC |
No |